Wymień piłkarzy którzy otrzymali Złotą Piłkę - Statystyki

Ogólne statystyki
  • Ten quiz został rozwiązany 2 350 razy
  • Średni wynik to 33 z 64
Statystyki odpowiedzi
Rok Narodowość Klub Nazwisko % Poprawnych
2009 Argentina Barcelona Lionel Messi
99%
2010 Argentina Barcelona Lionel Messi
99%
2011 Argentina Barcelona Lionel Messi
99%
2012 Argentina Barcelona Lionel Messi
99%
2013 Argentina Barcelona Lionel Messi
99%
2015 Argentina Barcelona Lionel Messi
99%
2019 Argentina Barcelona Lionel Messi
99%
1997 Brazil Internazionale Ronaldo
98%
2002 Brazil Real Madrid Ronaldo
98%
2008 Portugal Manchester United Cristiano Ronaldo
92%
2014 Portugal Real Madrid Cristiano Ronaldo
92%
2016 Portugal Real Madrid Cristiano Ronaldo
92%
2017 Portugal Real Madrid Cristiano Ronaldo
92%
2018 Croatia Real Madrid Luka Modric
91%
2005 Brazil Barcelona Ronaldinho
86%
2007 Brazil Milan Kaka
82%
1998 France Juventus Zinedine Zidane
76%
2003 Czech Republic Juventus Pavel Nedved
73%
2000 Portugal Real Madrid Luis Figo
72%
2006 Italy Juventus Fabio Cannavaro
66%
1999 Brazil Barcelona Rivaldo
63%
1988 Netherlands Milan Marco van Basten
59%
1989 Netherlands Milan Marco van Basten
59%
1992 Netherlands Milan Marco van Basten
59%
2004 Ukraine Milan Andriy Shevchenko
58%
1995 Liberia Milan George Weah
57%
1971 Netherlands Ajax Johan Cruyff
57%
1973 Netherlands Barcelona Johan Cruyff
57%
1974 Netherlands Barcelona Johan Cruyff
57%
2001 England Liverpool Michael Owen
57%
1957 Argentina Real Madrid Alfredo Di Stefano
56%
1959 Argentina Real Madrid Alfredo Di Stefano
56%
1970 RFN Bayern Munich Gerd Muller
56%
1987 Netherlands Milan Ruud Gullit
55%
1983 France Juventus Michel Platini
53%
1984 France Juventus Michel Platini
53%
1985 France Juventus Michel Platini
53%
1994 Bulgaria Barcelona Hristo Stoichkov
49%
1972 RFN Bayern Munich Franz Beckenbauer
47%
1976 RFN Bayern Munich Franz Beckenbauer
47%
1968 Nothern Ireland Manchester United George Best
47%
1965 Portugal Benfica Eusebio
45%
1963 USRR Dynamo Moscow Lew Jaszyn
42%
1966 England Manchester United Bobby Charlton
34%
1990 Germany Internazionale Lothar Matthaus
33%
1993 Italy Juventus Roberto Baggio
32%
1960 Spain Barcelona Luis Suarez
30%
1991 France Marseille Jean-Pierre Papin
25%
1996 Germany Borussia Dortmund Matthias Sammer
20%
1982 Italy Juventus Paolo Rossi
16%
1980 RFN Bayern Munich Karl-Heinz Rummenigge
14%
1981 RFN Bayern Munich Karl-Heinz Rummenigge
14%
1956 England Blackpool Stanley Matthews
13%
1964 Scotland Manchester United Denis Law
12%
1978 England Hamburg Kevin Keegan
11%
1979 England Hamburg Kevin Keegan
11%
1962 Czechoslovakia Dukla Prague Josef Masopust
7%
1969 Italy Milan Gianni Rivera
6%
1967 Hungary Ferencváros Llorian Albert
6%
1958 France Real Madrid Raymond Kopaszewski
6%
1977 Denmark Borussia Mon. Allan Simonsen
5%
1961 Italy Juventus Omar Sivori
4%
1975 USRR Dynamo Kyiv Oleg Blokhin
3%
1986 USRR Dynamo Kyiv Igor Belanov
2%
Nie znaleziono quizów pasujących do podanych kryteriów
Rozkład punktacji
Procent ludzi z każdym wynikiem
Percentyl według liczby udzielonych odpowiedzi
Twoja historia wyników
Nie rozwiązałeś tego quizu